Score 0/24 Timer 05:00
2 Plays Today
% Correct
Dr. Seuss
92.5%
Dahl
92.2%
Dumbledore
91.3%
Diagon Alley
90%
Dudley Dursley
86.1%
Districts
83.7%
Dark Days
80.3%
Denotation
79.9%
Disappear
79.8%
Daenerys
79.7%
Dionysus
79.1%
Deep
77.4%
% Correct
Denouement
76.7%
Diction
76.2%
Dracaena
73.5%
Dauntless
72.6%
Despereaux
71.1%
Demeter
65.2%
Durin
64.8%
Drogo
63.6%
Denethor II
61.4%
Daario
57.5%
Darius
55.6%
Drew
48%
Remove Ads.
Support Sporcle.
Get the best of Sporcle when you Go Orange. This ad-free experience offers more features, more stats, and more fun while also helping to support Sporcle. Thank you for becoming a member.

You're not logged in!

Compare scores with friends on all Sporcle quizzes.
OR
Log In

Show Comments

Extras

Top Quizzes Today


Score Distribution

Your Account Isn't Verified!

In order to create a playlist on Sporcle, you need to verify the email address you used during registration. Go to your Sporcle Settings to finish the process.

Report this User

Report this user for behavior that violates our Community Guidelines.

Details: